LIBRARY & INFORMATION CENTRE, KCAET, TAVANUR

ONLINE PUBLIC ACCESS CATALOGUE (OPAC)

Modern university physics / (Record no. 7454)

MARC details
000 -LEADER
fixed length control field 00567cam a2200217ua 4500
041 ## - LANGUAGE CODE
Language code of text/sound track or separate title eng
082 ## - DEWEY DECIMAL CLASSIFICATION NUMBER
Classification number 539
Item number RIC/MO
100 ## - MAIN ENTRY--AUTHOR NAME
Personal name Richards, James A .
245 ## - TITLE STATEMENT
Title Modern university physics /
250 ## - EDITION STATEMENT
Edition statement 1 /
260 ## - PUBLICATION, DISTRIBUTION, ETC. (IMPRINT)
Place of publication London :
Name of publisher Addison-Wesley Publishing Company ,
Year of publication 1960.
300 ## - PHYSICAL DESCRIPTION
Number of Pages 993 ; .
700 1# - ADDED ENTRY--PERSONAL NAME
Personal name Sears, Francis westen .
700 1# - ADDED ENTRY--PERSONAL NAME
Personal name Wehr, Russel M .
700 1# - ADDED ENTRY--PERSONAL NAME
Personal name Zemansky, Mark W .
942 ## - ADDED ENTRY ELEMENTS (KOHA)
Koha item type Books
Holdings
Withdrawn status Lost status Damaged status Home library Current library Date acquired Full call number Accession Number Koha item type
Withdrawn     KAUAET KAUAET 07/04/2012 539 RIC/MO 8007 Books
free website counter